000
00327nam a2200145 a 4500
008
970916s1983||||xx 0 und c
040
_a
SNK
_b
slo
_c
SNK
_e
AACR2
100
1
_a
Šmok, Ján
245
1
0
_a
Začněte fotografovat
260
_a
Praha
_b
SNTL
_c
1983
300
_a
263 s.
044
_a
CZ
041
_a
cze
020
_c
30
999
_c
13880
_d
13880